Endogenous money: the evolutionary versus revolutionary views

Salvato in:
Dettagli Bibliografici
Autore principale: Rochon, Louis-Philippe
Altri autori: Rossi, Sergio
Natura: Libro
Lingua:inglese
Pubblicazione: Vezia Centro Di Studi Bancari 2006
Serie:Quaderni di ricerca No. 14
Soggetti:
Tags: Aggiungi Tag
Nessun Tag, puoi essere il primo ad aggiungerne!!

MARC

LEADER 00000nam$a2200000$$$4500
001 0052331
005 20240503084916.9
041 0 |a eng 
044 |a CH 
245 1 0 |a Endogenous money: the evolutionary versus revolutionary views  |c Louis-Philippe Rochon and Sergio Rossi 
264 1 |a Vezia  |b Centro Di Studi Bancari  |c 2006 
300 |a 31 s. 
490 1 |a Quaderni di ricerca  |v No. 14 
830 0 |a Quaderni di ricerca  |v No. 14 
610 2 0 |a peniaze 
610 2 0 |a vývoj 
610 2 0 |a analýzy 
610 2 0 |a teória peňažná 
610 2 0 |a postkeynesizmus 
610 2 0 |a teórie ekonomické 
100 1 |a Rochon, Louis-Philippe 
700 1 |a Rossi, Sergio